Chansons de Grand Corps Malade - Statistiques

Statistiques générales
  • Ce quiz a été pris 22 fois
  • Le résultat moyen est 31 sur 127
Statistiques - réponses
Album Titre % Correct
Mesdames 1 Mesdames
88%
Midi 20 11 Les voyages en train
82%
Mesdames 6 Mais je t'aime
82%
Midi 20 4 Midi 20
82%
Plan B 9 Dimanche soir
65%
Éphémère 7 Éphémère
65%
3e Temps 4 Roméo kiffe Juliette
65%
Mesdames 2 Derrière le brouillard
59%
Mesdames 5 Pendant 24 h
59%
Plan B 1 Plan B
59%
Midi 20 2 Saint-Denis
59%
Funambule 5 Funambule
53%
Reflets 2 Reflets
53%
Reflets 5 Autoreflet
47%
3e Temps 2 Définitivement
47%
Enfant de la ville 10 Enfant de la ville
47%
Mesdames 11 Le Sens de la famille
47%
Mesdames 14 Nos plus belles années
47%
Éphémère 1 On a pris le temps
47%
Il nous restera ça 10 | 19 Pocahontas
47%
Mesdames 4 Une sœur
47%
Midi 20 6 6e sens
41%
Plan B 15 Espoir adapté
41%
Il nous restera ça 16 Il nous restera ça
41%
Enfant de la ville 2 Je viens de là
41%
Enfant de la ville 1 Mental
41%
3e Temps 13 Nos absents
41%
Reflets 3 Retiens les rêves
41%
Éphémère 2 Tailler la route
41%
Plan B 3 Au feu rouge
35%
Enfant de la ville 3 Comme une évidence
35%
Reflets 11 Deauville
35%
Mesdames 12 Des gens beaux
35%
3e Temps 5 Éducation Nationale
35%
Funambule 8 Le Bout du tunnel
35%
Plan B 11 Le langage du corps
35%
Midi 20 15 Ma tête, mon cœur..
35%
Plan B 4 Tu peux déjà
35%
Mesdames 3 Un verre à la main
35%
Reflets 9 2083
29%
Mesdames 9 Confinés
29%
Reflets 4 Le Jour d'après
29%
Reflets 12 Paroles et Musique
29%
Éphémère 4 Qui a kidnappé Benjamin Biolay ?
29%
Midi 20 14 Rencontres
29%
Plan B 2 Acouphènes
24%
Funambule 1 Au théâtre
24%
Éphémère 6 Besoin de rien
24%
Reflets 8 C'est aujourd'hui que ça se passe
24%
Funambule 2 J'ai mis des mots
24%
Reflets 1 J'ai vu de la lumière
24%
Midi 20 3 Je dors sur mes 2 oreilles
24%
Reflets 6 Je serai là
24%
3e Temps 10 Jour de doute
24%
Éphémère 5 La cause
24%
Reflets 10 La Sagesse
24%
Funambule 3 Le Manège
24%
Il nous restera ça 1 L'heure des poètes
24%
Plan B 12 Patrick
24%
3e Temps 9 Rachid Taxi
24%
Enfant de la ville 8 Rétroviseur
24%
3e Temps 1 1er janvier 2010
18%
Enfant de la ville 4 4 Saisons
18%
3e Temps 3 À l'école de la vie
18%
3e Temps 12 À Montréal
18%
Mesdames 7 Chemins de traverse
18%
Funambule 11 Course contre la honte
18%
Enfant de la ville 16 Du côté chance
18%
Mesdames 8 Enfants du désordre
18%
3e Temps 6 J'attends
18%
Plan B 6 La Syllabe au rebond
18%
Funambule 9 La Traversée
18%
Enfant de la ville 7 Le Blues de l'instituteur
18%
Funambule 6 Les Lignes de la main
18%
Reflets 7 Rue La Fayette
18%
Funambule 4 Te manquer
18%
3e Temps 7 Tu es donc j'apprends
18%
Midi 20 13 Vu de ma fenêtre
18%
Enfant de la ville 13 Avec Eux
12%
3e Temps 11 Bulletin météo
12%
Plan B 8 Charades
12%
Midi 20 8 Chercheur de phases
12%
Plan B 13 Ensemble
12%
Midi 20 12 J'ai oublié
12%
Enfant de la ville 12 J'ai pas les mots
12%
Enfant de la ville 9 J'écris à l'oral
12%
Mesdames 10 Je ne serai que de trop
12%
Il nous restera ça 3 La résiliation
12%
Enfant de la ville 5 Pères et mères
12%
Éphémère 3 Sous mes paupières
12%
Il nous restera ça 2 Ta batterie
12%
Funambule 12 Tant que les gens font l'amour
12%
Midi 20 16 Toucher l'instant
12%
Enfant de la ville 14 Underground
12%
Enfant de la ville 6 À la recherche
6%
Il nous restera ça 18 À mi-parcours
6%
Midi 20 10 Attentat verbal
6%
Midi 20 5 Ça peut chémar
6%
Il nous restera ça 6 Écrire
6%
Il nous restera ça 8 Interlude "Spectacle vivant"
6%
Il nous restera ça 5 Intro "Écrire"
6%
Plan B 14 Issam
6%
Midi 20 7 Je connaissais pas Paris le matin
6%
Plan B 7 J'suis pas rentré
6%
Enfant de la ville 11 La nuit
6%
Enfant de la ville 15 L'appartement
6%
Il nous restera ça 13 Le banc
6%
Midi 20 1 Le jour se lève
6%
3e Temps 14 L'Heure d'été
6%
Midi 20 9 Parole du bout du monde
6%
Funambule 7 Pause
6%
Mesdames 13 Souvenirs manqués
6%
3e Temps 8 Un verbe
6%
Il nous restera ça 14 Bleuette
0%
Enfant de la ville 17 Changer le temps
0%
Il nous restera ça 7 Cinéma pour aveugles
0%
Enfant de la ville 18 Envers et contre tout
0%
Il nous restera ça 17 Face B
0%
Il nous restera ça 9 Les années lumières
0%
Funambule 10 Les Cinq sens
0%
Il nous restera ça 11 Le temps des tachyons
0%
Il nous restera ça 15 L'ours blanc
0%
Plan B 10 Mille vies
0%
Il nous restera ça 12 Nos mots
0%
Plan B 5 Poker
0%
Il nous restera ça 4 Quand nous aurons cent ans
0%
Aucun quiz correspondant
Distribution des résultats
% des personnes avec chaque résultat
Percentile par nombre de réponses
Votre historique - résultats
Vous n’avez pas pris ce quiz